It looks like you're offline.
Open Library logo
additional options menu

MARC record from Internet Archive

LEADER: 02109cam 2200493 a 4500
001 ocn141378801
003 OCoLC
005 20210729031840.0
008 061010s2007 enka 000 0 eng
040 $aUKM$beng$cUKM$dBAKER$dAU@$dYDXCP$dOCLCQ$dT7Q$dBDX$dOCLCF$dOCLCO$dOCLCQ$dNZAUC$dUKMGB
015 $aGBA688367$2bnb
016 7 $a013578838$2Uk
020 $a9781843404095$q(pbk.)
020 $a1843404095$q(pbk.)
035 $a(OCoLC)141378801
042 $aukblcatcopy
050 4 $aBF637.I48$bG728 2007
082 04 $a158.2$222
082 04 $a303.69$222
100 1 $aGrant, Wendy.
245 10 $aHow to resolve conflicts /$cWendy Grant.
260 $aLondon :$bCollins & Brown,$c2007.
300 $axv 159 pages :$billustrations ;$c22 cm
336 $atext$btxt$2rdacontent
337 $aunmediated$bn$2rdamedia
338 $avolume$bnc$2rdacarrier
505 0 $aThinking patterns and processes -- Know yourself -- Intimate relationships -- Family conflicts -- Friends and neighbours -- Conflict in the workplace -- Conflict with strangers -- Living in harmony.
520 $a"Conflict distorts relationships - whether it takes the form of international disputes between countries or cross words exchanged with friends, work colleagues or family members. This work includes exercises, case studies and practical suggestions that help resolve many of the problems which cause conflict"--Publisher's description.
650 0 $aInterpersonal conflict.
650 0 $aConflict management.
650 7 $aConflict management.$2fast$0(OCoLC)fst00874778
650 7 $aInterpersonal conflict.$2fast$0(OCoLC)fst00977374
938 $aBaker & Taylor$bBKTY$c9.95$d7.46$i1843404095$n0006965827$sactive
938 $aBrodart$bBROD$n06340024$c$9.95
938 $aYBP Library Services$bYANK$n3705141
029 1 $aAU@$b000041506197
029 1 $aNOK$b1843404095
029 1 $aUKBOR$b10867536X
029 1 $aUKPMH$b10867536X
029 1 $aUKPMH$b1843404095
029 1 $aUNITY$b10867536X
029 1 $aUKMGB$b013578838
994 $aZ0$bP4A
948 $hNO HOLDINGS IN P4A - 39 OTHER HOLDINGS